| 000 | 00314nam a22001097a 4500 | ||
|---|---|---|---|
| 999 |
_c23602 _d23602 |
||
| 003 | Nust | ||
| 005 | 20170519112933.0 | ||
| 008 | 131219b xxu||||| |||| 00| 0 eng d | ||
| 020 |
_a007022773-X _cAvailable |
||
| 040 |
_aDLC _bDLC _cRCMS |
||
| 082 |
_22nd, ed. _a001.51 GAM _b000819 |
||
| 100 |
_aMichael, Gamble _9115 |
||
| 245 |
_aIntroducing mass communication _cMichael W. Gamble, Teri Kwal Gamble |
||
| 250 | _a2nd ed. | ||
| 260 |
_aNew York _b:McGraw-Hill _c,c1989 |
||
| 300 |
_axvi, 549 p. _b: ill. _c; 24 cm. |
||
| 538 | _iShelf # 13, Row # 2, Fiction. | ||
| 650 |
_aMass media. _9116 |
||
| 700 |
_aGamble, Teri Kwal. _9117 |
||
| 856 | _3Table of Content Only | ||
| 942 |
_2ddc _cFIC |
||